Statistics for Word in the Middle #1

Click here to take the quiz!

General Stats

  • This quiz has been taken 41,173 times
    (41,080 since last reset)
  • The average score is 15 of 30

Answer Stats

Phrase% Correct
Mickey {Mouse} Trap
99%
Bus {Stop} Sign
98%
Shaving {Cream} Pie
89%
Fluorescent {Light} House
87%
Clockwork {Orange} Juice
82%
Berlin {Wall} Paper
68%
Rolling {Stone} Mountain
66%
Banana {Split} Ends
63%
Log {Cabin} Fever
58%
Plymouth {Rock} Band
56%
Mountain {Range} Rover
55%
Ostrich {Egg} Timer
54%
Picnic {Table} Manners
54%
Looking {Glass} Blower
52%
Vampire {Bat} Boy
50%
Mop {Bucket} List
49%
Forest {Fire} Truck
43%
Window {Dressing} Gown
42%
Cook {Book} Ends
36%
Tire {Iron} Curtain
35%
Quality {Control} Freak
34%
Jet {Plane} Geometry
31%
White {House} Wife
31%
Swan {Dive} Bomber
30%
Baseball {Player} Piano
27%
Dish {Water} Fall
25%
Sun {Flower} Power
25%
Term {Paper} Weight
21%
Clint {Black} Board
20%
Pay {Dirt} Devil
19%

Score Distribution

Percentile by Number Answered

Percent of People with Each Score

Your Score History

You have not taken this quiz since the last reset